Á lódáil...
Here comes tomorrow living and working in the year 2000
| Príomhúdar: | |
|---|---|
| Formáid: | Printed Book |
| Teanga: | English |
| Foilsithe: |
Bombay
Thacker & Company
1967
|
| LEADER | 00500nam a22001457a 4500 | ||
|---|---|---|---|
| 005 | 20151215125040.0 | ||
| 008 | 091021t xxu||||| |||| 00| 0 eng d | ||
| 082 | |a 658 |b WSJ | ||
| 100 | |a Wall Street Journal |9 20120 | ||
| 245 | |a Here comes tomorrow |b living and working in the year 2000 | ||
| 300 | |a viii, 196p. | ||
| 942 | |c BK |6 _ | ||
| 260 | |b Thacker & Company |c 1967 |a Bombay | ||
| 999 | |c 96505 |d 96505 | ||
| 952 | |0 0 |1 0 |2 ddc |4 0 |6 658_WSJ |7 0 |9 121728 |a SMS |b SMS |c GEN |d 2009-10-21 |o 658 WSJ |p SMS005695 |r 2009-10-21 |w 2009-10-21 |y BK | ||